A conservação do mar (Registo nº 4310)
[ vista simples ]
| 000 -Etiqueta do registo | |
|---|---|
| Cabeçalho | 00697cam a2200265 4500 |
| 005 - Identificador da versão | |
| Campo de controlo | 20240813122058.0 |
| 095 ## - | |
| -- | PTBN00910600 |
| 010 ## - Número internacional normalizado dos livros (ISBN) | |
| Número (ISBN) | 9720714018 |
| 100 ## - Dados gerais de processamento | |
| Dados gerais de processamento | 19970505d1993 de y0pory5003 ba |
| 102 ## - Pais de publicação ou produção | |
| País de publicação | Portugal |
| 101 1# - Língua de publicação | |
| Língua do texto, banda sonora, etc. | Português |
| Língua do documento no original | Espanhol |
| 215 ## - Descrição física | |
| Indicação específica da natureza do documento e extensão da espécie | 31 p. |
| Outras indicações físicas | muito il. color |
| 200 1# - Titulo e menção de responsabilidade | |
| Título próprio | A conservação do mar |
| 225 1# - Colecção | |
| Título próprio da colecção | Biblioteca juvenil de ecologia |
| 210 ## - Publicação, Distribuição, etc. | |
| Lugar da edição, distribuição, etc. | Porto |
| Nome do editor, distribuidor, etc. | Porto Editora |
| Data da publicação, distribuição, etc. | 1993 |
| 304 ## - Notas relativas a título e menção de responsabilidade | |
| Texto da nota | Tít. orig.: La conservación del mar |
| 675 ## - Classificação Decimal Universal (CDU) | |
| Notação | 087.5 |
| Edição | BN |
| Língua da edição | por |
| Notação | 574 |
| Edição | BN |
| Língua da edição | por |
| Notação | 502.7 |
| Edição | BN |
| Língua da edição | por |
| 700 #1 - Nome de autor-pessoa física (responsabilidade principal) | |
| Número de registo de entrada de autoridade | 0001091 |
| Palavra de ordem | Costa-Pau |
| Outra parte do nome não tomada para palavra de ordem | Rosa |
| 942 ## - Elementos de entrada adicionados (Koha) | |
| Tipo de item no Koha | Livro |
| Situação do levantamento | Origin of item (home branch) (coded) | Biblioteca de empréstimo | Código de barras | Cota | Circulation type (not for loan) | Tipo de documento | Nota do exemplar | Damaged status |
|---|---|---|---|---|---|---|---|---|
| Biblioteca Escolar das Vendas | Biblioteca Escolar das Vendas | BEV1273 | 5 PAU | Livro | Sem mensagem |
